| 000 | 00414 a2200145 4500 | ||
|---|---|---|---|
| 999 |
_c29085 _d29085 |
||
| 003 | NUST | ||
| 005 | 20180118160415.0 | ||
| 008 | 180118b xxu||||| |||| 00| 0 eng d | ||
| 020 | _a0471728977 | ||
| 020 | _a9780471728979 | ||
| 082 | _a620.0042 KRE | ||
| 100 | 1 |
_aKreyszig, Erwin. _9572 |
|
| 245 | 1 | 0 |
_aAdvanced engineering mathematics / _cErwin Kreyszig. |
| 250 | _a9th Edition, International Edition. | ||
| 260 |
_a[S.l.] : _bJohn Wiley & Sons, _c2006. |
||
| 300 |
_a1248 p. ; _c26 cm. |
||
| 942 |
_aSNS _cBK _k620.0042 KRE _2ddc |
||